Altari /

Zapisane w:
Opis bibliograficzny
1. autor: Mapplethorpe, Robert (Autor)
Kolejni autorzy: White, Edmund, (1940-2025)
Format: Książka
Język:włoski
Wydane: Milano : Leonardo, 1995
Etykiety: Dodaj etykietę
Nie ma etykietki, Dołącz pierwszą etykiete!

MARC

LEADER 00000nam a22000007i 4500
001 IT\ICCU\FER\0146851
003 ItRI
005 20260115231906.0
008 951116s1995 it |||||| ||||| |||||c
020 |a 8835502403 
040 |b ita  |c importazione bologna sebina 
041 7 |a ita  |2 ISO-639-2 
100 1 |a Mapplethorpe, Robert  |0 IT\ICCU\CFIV\057052  |4 aut 
240 1 0 |a Altars  |3 IT\ICCU\FER\0146852  |9 Mapplethorpe, Robert 
245 1 0 |a Altari /  |c Mapplethorpe ; saggio di Edmund White. 
260 |a Milano :  |b Leonardo,  |c 1995 
300 |a 139 p. ill. ;  |c 32 cm. 
700 1 |a White, Edmund,  |d  (1940-2025)  |0 IT\ICCU\CFIV\064701 
942 |2 ddc  |c BK  |n 0 
952 |0 0  |1 0  |4 0  |6 DOC_779_092000000000000_MAP  |7 0  |9 15603  |a BO  |b BO  |d 2026-01-15  |i 20221  |l 0  |o DOC 779.092 MAP  |p BO20221  |r 2026-01-15 23:19:06  |w 2026-01-15  |x [Sebina 7] [1 v.]  |y BK  |z 1 v. 
999 |c 13424  |d 13424